Administración de pequeñas empresas: lanzamiento y crecimiento de iniciativas de emprendimiento
Đã lưu trong:
| Những tác giả chính: | , , , |
|---|---|
| Định dạng: | Sách |
| Ngôn ngữ: | Tiếng Tây Ban Nha |
| Được phát hành: |
Ciudad de México
Cengage Learning
2012
|
| Phiên bản: | 16a. ed |
| Những chủ đề: | |
| Các nhãn: |
Thêm thẻ
Không có thẻ, Là người đầu tiên thẻ bản ghi này!
|
MARC
| LEADER | 00000cam a2200000 a 4500 | ||
|---|---|---|---|
| 001 | UCD9090 | ||
| 003 | CL-VaPUC | ||
| 008 | 170602e20120000mx |||||||||||||||||spa|d | ||
| 020 | |a 9786074818109 | ||
| 082 | 0 | 4 | |a 658.022 |b LON |2 21 |
| 100 | |a Longenecker, Justin G. |e autor |9 592759 | ||
| 700 | 0 | |a Petty, J. William |e author |9 592760 | |
| 700 | 0 | |a Palich, Leslie E |e author |9 592761 | |
| 700 | 0 | |a Hoy, Frank |e author |9 592762 | |
| 245 | 1 | 0 | |a Administración de pequeñas empresas: lanzamiento y crecimiento de iniciativas de emprendimiento |
| 250 | |a 16a. ed | ||
| 300 | |a 782 p | ||
| 942 | |c BK | ||
| 945 | |d 20170602 23:29:00 |a arojas | ||
| 260 | |a Ciudad de México |b Cengage Learning |c 2012 | ||
| 650 | 0 | |a Administración de empresas |9 260833 | |
| 650 | 7 | |a MICROEMPRESAS |2 CL-VaPUC |9 373511 | |
| 650 | 0 | |a Competitividad |9 308495 | |
| 650 | 0 | |a Planificación estratégica |9 259735 | |
| 650 | 0 | |a Marketing |9 259324 | |
| 583 | |a last modification |c 20170602 23:29:00 |k Rodrigo Vera | ||
| 999 | |c 368375 |d 368373 | ||